00561nam a2200121 a 450000100100000000500170001000800410002704000250006824501680009326000450026130000200030671001130032600002675420200930030407.0110325s2004 dr 000 0 spa d aDO-SdBNPbspacBNPHU00aReglamento para la operación del plan de tiempo compartido en los proyectos turísticos financiados por el Banco Central a través de su departamento INFRATUR. aSanto Domingo :bBanco Central,c[199?]. a35 p. ;c28 cm.2 aBanco Central de la República DominicanabDepartamento para el Desarrollo de la Ifraestructura Turística